00512nam a22001817a 450000500170000000800410001704000070005804100120006508200210007710000250009824500310012326000400015430000270019436500540022144000130027565000080028865000340029620241213113220.0241213b ||||| |||| 00| 0 eng d cAL aEnglish 223a348.04bEASS aEastern Book Company aSupreme Court Cases: Vol 1 aLucknowbEastern Book Companyc1976 a1042 p.bHBc24x16 cm. a1061b₹959.52c₹d₹1279.36e25%f28-11-2024 aVolume 1 aLaw aMode of Citation (1976) 1 SCC